| 000 | 00636nam1a22002411 4500 | ||
|---|---|---|---|
| 001 | RU\NLR\INFOCOMM10\ROSSICA\1000007747 | ||
| 005 | 20240725021048.0 | ||
| 035 | _a(NLR Aleph) 009875043 | ||
| 090 |
_a10443550 _c10443550 |
||
| 100 | _a20030610d1816 |||y0rusy50 ba | ||
| 101 | 0 | _aeng | |
| 102 | _aRU | ||
| 105 | _ay ||||000ay | ||
| 200 | 1 |
_aA new dictionary English and Russian _fMich. Parenogo |
|
| 210 |
_aÐоÑква _d1816 |
||
| 215 | _d4° | ||
| 700 | 1 |
_aParenogo _bM. _gMich. _4070 |
|
| 801 | 1 |
_aRU _bInfoComm _c20030610 |
|
| 801 | 0 |
_aRU _bNLR _gPSBO |
|
| 852 |
_aNLR _j13.3.6.11 |
||
| 942 | _cBOOK | ||
| 980 | _aRossica | ||